| 000 | nam a22 7a 4500 | ||
|---|---|---|---|
| 999 |
_c98156 _d98155 |
||
| 005 | 20191023100418.0 | ||
| 008 | 190215b ||||| |||| 00| 0 eng d | ||
| 020 | _a9788182676152 | ||
| 080 |
_a89M-992 _bTAP/K |
||
| 100 | _aTapovanam, Sri.Swami ( തപോവനം, (ശീ സ്വാമി) | ||
| 245 | _aKailasayathra (കൈലാസ യാ(ത) | ||
| 260 |
_aKozhikode _bMathrubhumi books _c2018 |
||
| 300 | _a215p. | ||
| 653 |
_aMalayalam- travelogue _aകൈലാസ യാ(ത |
||
| 942 | _cBK | ||